Ética del jurista y ťica social

Bibliographic Details
Main Author: Garca̕-Cuevas Roque, Elena
Format: eBook
Language:Spanish
Published: Madrid: Dykinson, 2022
Subjects:
Online Access:Acceso restringido

MARC

LEADER 00000nam a22000007a 4500
005 20220720000540.0
007 cr|||| ||||
008 220720s2022 es |||||s|||| 00||0 spa d
020 |a 978-84-1122-140-5 
035 |a 36472 
040 |a vLex 
090 |c 13603  |d 13603 
100 1 |a Garca̕-Cuevas Roque, Elena 
245 1 0 |a Ética del jurista y ťica social  |h [Recurso electrn̤ico] /  |c Elena Garca̕-Cuevas Roque 
256 |a Servicio en ln̕ea 
260 |a Madrid:  |b Dykinson,  |c 2022 
300 |a 1 recurso electrn̤ico 
500 |a Teniendo en cuenta las diferentes situaciones o actos en cada momento histr̤ico, puede hablarse de diversidad de las perspectivas ťicas. Todo lo ťico es siempre, y de una forma simultǹea, individual y social, es decir, personal y profesional. En una sociedad pluralista, puede resultar difc̕il conocer de dn̤de derivan las normas morales, al existir el principio de libertad de creencias. Kant enfocaba la ťica hacia una ťica del deber, la cual establece pautas de comportamiento que se deben seguir o leyes -morales- que regulan a los ciudadanos. Pero, a pesar de esta dificultad de regular la ťica, debemos apelar a un esfuerzo por aportar soluciones a las relaciones de convivencia, impregnadas de valores, y, por ende, a un comportamiento ťico por parte de todos los profesionales, los cuales deben poseer, como fundamento, honradez, sl̤idos principios y una adecuada conducta personal, velando por la ťica y dignidad profesionales, as ̕como por el respeto debido a los derechos de los dems̀; del mismo modo, es necesario, entre todos, potenciar un cumplimiento estricto de las normas o cd̤igos deontolg̤icos en aquellas corporaciones y profesiones donde se contemplan. En esta obra, en la que se le ha dado un mayor peso a la ťica del jurista, por la incuestionable funcin̤ social que desempeą y, en consecuencia, la responsabilidad que asume, ha quedado demostrada, o, al menos, šte ha sido el props̤ito, la preocupacin̤ por avanzar hacia ese compromiso ťico en las distintas actividades del profesional, resaltando la importancia de la ťica y los cd̤igos deontolg̤icos en los diversos m̀bitos y profesiones que prestan un admirable servicio a la comunidad. Todo ello, ha sido el fruto de intensas investigaciones realizadas por un grupo de profesionales muy comprometidos con lo que podra̕mos llamar la “ťica judicial integral”. 
506 1 |a Disponible solo en los productos indicados  |d vLex Global  |d vLex Global (Academic Edition, excluding Law Schools)  |d vLex Global (U.S. Academic Edition, Law Schools)  |d vLex Global (U.S. Academic Edition, excluding Law Schools)  |d vLex Global (Academic Edition, Law Schools) 
650 0 4 |a Derecho Militar  |z Espaą 
650 0 4 |a Filosofa̕ y religin̤  |z Espaą 
740 0 |a vLex Libros (Servicio en ln̕ea) 
856 4 0 |u https://app.vlex.com/#/sources/36472  |z Acceso restringido 
942 |c BOOK 
999 0 |a Military Law 
999 0 |a Philosophy and religion